[Event "Quebec-ch U10"]
[Site "Montreal"]
[Date "2018.01.12"]
[Round "1"]
[White "Yan, Alex Jikai"]
[Black "Beliveau, Mathieu"]
[Result "1-0"]
[WhiteElo "1396"]
[BlackElo "1064"]
[PlyCount "83"]
[EventDate "2018.01.12"]
[EventType "swiss"]
[EventRounds "5"]
[EventCountry "CAN"]
[SourceTitle "EXT 2022"]
[Source "ChessBase"]
[SourceDate "2021.10.06"]
[SourceVersion "1"]
[SourceVersionDate "2021.10.06"]
[SourceQuality "1"]

1. e4 g6 2. d4 Bg7 3. Nf3 d6 4. Bc4 Nf6 5. Nc3 0-0 6. 0-0 Bg4 7. h3 Bxf3 8. Qxf3 Nbd7 9. Be3 e5 10. d5 a6 11. a4 h5 12. Bg5 Qe8 13. a5 Nh7 14. Bd2 f5 15. Qe2 f4 16. f3 h4 17. b4 Kh8 18. Be1 g5 19. Bf2 Nhf6 20. Rfb1 Nb8 21. Rb3 c6 22. Rd1 Qe7 23. Qd2 Rd8 24. Na4 Bf8 25. Nb6 Ra7 26. Nc8 Rxc8 27. Bxa7 c5 28. bxc5 dxc5 29. Rdb1 Qd8 30. Rxb7 Nfd7 31. Bxb8 Rxb8 32. Rxb8 Nxb8 33. Rxb8 Qd6 34. Rb6 Qd8 35. Rxa6 Bd6 36. Qc3 Bc7 37. Qb2 Bxa5 38. Qxe5+ Kh7 39. Qf5+ Kh8 40. Rh6+ Kg7 41. Rh7+ Kg8 42. d6# 1-0

[Event "CAN-ch U10"]
[Site "Sault Ste Marie"]
[Date "2017.07.09"]
[Round "6"]
[White "Beliveau, Mathieu"]
[Black "Chen, Derek1111"]
[Result "0-1"]
[WhiteElo "1097"]
[BlackElo "1336"]
[PlyCount "82"]
[EventDate "2017.07.06"]
[EventType "swiss"]
[EventRounds "7"]
[EventCountry "CAN"]
[SourceTitle "EXT 2022"]
[Source "ChessBase"]
[SourceDate "2021.10.06"]
[SourceVersion "1"]
[SourceVersionDate "2021.10.06"]
[SourceQuality "1"]

1. d4 Nf6 2. Nf3 b6 3. c4 Bb7 4. Nc3 e6 5. e3 c5 6. d5 Be7 7. e4 d6 8. Be2 0-0 9. 0-0 Re8 10. Bf4 exd5 11. exd5 a6 12. a4 Qc7 13. Bd3 Nbd7 14. Qc2 h6 15. Rfe1 Nh5 16. Bd2 Bf6 17. Ne4 Be5 18. Nxe5 Rxe5 19. a5 Rae8 20. axb6 Qxb6 21. Bc3 R5e7 22. Qe2 Nf4 23. Qg4 Ng6 24. Kf1 Nde5 25. Qg3 Nxd3 26. Qxd3 Bc8 27. Re3 Bf5 28. Rae1 Qc7 29. f3 Ne5 30. Bxe5 Rxe5 31. Qa3 Bxe4 32. fxe4 Qc8 33. Qa5 Qb7 34. Qa4 f5 35. Qc2 Qf7 36. Kg1 Qe7 37. Kf2 fxe4 38. Rxe4 Rxe4 39. Rxe4 Qxe4 40. Qa4 Qf4+ 41. Kg1 Re1# 0-1